000 00480nam a2200181Ia 4500
001 25345
005 20260414151143.0
008 260414t2015||||xx |||||||||||||| ||spa||
041 _aESP
082 _a346.5
_bC32 T. 1
100 _aCastro de Cifuentes, Marcela
_eAUT
245 0 _aDerecho de las obligaciones :
_bcon propuestas de modernización
260 _c2015
300 _axxii, 557 pƔginas :
_c23 cm.
650 _aDER
654 _aCDE
942 _cLIB
_dJUS
_fJUS
_2ddc
_n
999 _c25345
_d25345